Kpop songs with "SUPER" in the title - Statistics

General Stats
  • This quiz has been taken 56 times
  • The average score is 20 of 75
Answer Stats
Artist Song % Correct
Newjeans Super Shy
94%
aespa Supernova
90%
CNBBLUE Supernova
90%
i-dle Super Lady
78%
Newjeans Supernatural
50%
A.C.E Supernatural
50%
Lee Chaeyeon Supernatural
50%
ITZY Supernatural
50%
Xdinary Heroes Supernatural
50%
fromis_9 Supersonic
48%
B1A4 SUPER SONIC
48%
Wonder Girls Super B
44%
OH MY GIRL Supa Dupa
40%
xikers SUPERPOWER
36%
LUN8 SUPER POWER
36%
SHINHWA Super Power
36%
BLITZERS SUPERPOWER
36%
KISS OF LIFE & Mark Tuan SUPERPOWER
36%
Stray Kids Super Bowl
34%
IVE Supernova Love
34%
UNIS SUPERWOMAN
34%
Orange Caramel Superwoman
34%
Minzy (2NE1) Superwoman
34%
SUPER JUINIOR Superman
32%
Rain SUPERMAN
32%
GOT7 Superman
32%
Jun K & Wooyoung Superman
32%
Jewelry Super Star
32%
SHINee SUPERSTAR
32%
TVXQ! Superstar
32%
TAEYANG Superstar
32%
UP10TION Superstar
32%
G-DRAGON SUPER STAR
32%
NCT127 Superhuman
30%
Jin Super Tuna
30%
Stray Kids SUPER BOARD
28%
VIXX Super Hero
28%
BABYMONSTER SUPA DUPA LUV
26%
SUPER JUNIOR M Super Girl
26%
Ladies' Code SuperGirl
26%
TEEN TOP Supa Luv
20%
AOA Super Duper
18%
Son Dam Bi Super Duper
18%
SUPER JUNIOR Super Duper
18%
ITZY SUPERPOWERS
18%
N.Sonic Super Boy
16%
CLASS:y SUPER COOL
16%
NCT WISH Supercute
16%
JO1 SuperCali
14%
JO1 SuperCali
14%
Boys Planet SuperCharger
14%
P1Harmony & New Hope Club Super Chic
14%
SUPER JUINIOR Super CLAP
12%
Saweetie & TWICE superstars
12%
SNSD Galaxy Supernova
10%
xikers Supercalifragilistic
10%
24K Superfly
10%
WJSN CHOCOME Super Yuppers!
10%
WEi Super Bumpy
8%
SuperM Super Car
8%
Heize SUPERCAR
8%
SF9 Superconductor
8%
Produce 101 ss2 Super Hot
8%
IVE Super ICY
8%
IVE Super ICY
8%
N.Cus Super Luv
8%
WJSN Super Moon
8%
Produce X 101 Super Special Girl
8%
Dalshabet Supa Dupa Diva
6%
EPIK HIGH Super Rare
4%
G.NA Super Solo
4%
NiziU Super Summer
4%
NMIXX O.O Part 2 (Superhero)
2%
UKISS Super Special Lady
2%
Billlie the soul savior ~ I don't need a superman
2%
No matching quizzes found
Score Distribution
Percent of People with Each Score
Percentile by Number Answered
Your Score History
You have not taken this quiz